Modo de vida y deuda ecológica /

Sin resumen

সংরক্ষণ করুন:
গ্রন্থ-পঞ্জীর বিবরন
প্রধান লেখক: Brenes Castro, Abelardo
বিন্যাস: পাঠ‍্য
বিষয়গুলি:
ট্যাগগুলো: ট্যাগ যুক্ত করুন
কোনো ট্যাগ নেই, প্রথমজন হিসাবে ট্যাগ করুন!

MARC

LEADER 00000 a a2200000 04500
001 23
003
040
100 |a Brenes Castro, Abelardo  
245 |a Modo de vida y deuda ecológica /  |c Abelardo Brenes Castro 
520 |a Sin resumen  
650 |a CRISIS DE LA EDUCACION  
650 |a EDUCACION  
650 |a ECOLOGIA  
773 |g número 13 -14; páginas 117-121  
999 |c 34819  |d 34819 
773 0 |0 18806  |9 2087  |a Universidad Nacional de Costa Rica  |d Heredia: C.R.: EUNA  |o 02253  |t ABRA  |x 14093928